|
|
|
|
| LEADER |
00000nab a2200000 a 4500 |
| 001 |
vtls000672086 |
| 003 |
SK-MaSNL |
| 005 |
20260302190624.0 |
| 008 |
180206c1998 xo 0 slo |
| 015 |
|
|
|a SNBRB1998/09-27004
|
| 035 |
|
|
|a CLN000024262
|
| 040 |
|
|
|a SNKBUCL
|b slo
|c SNKBUCL
|e AACR2
|
| 041 |
0 |
|
|a slo
|
| 044 |
|
|
|a xo
|c SK
|
| 080 |
|
|
|a 338.246(437.6):622.33:061.5
|2 UDC-MRF-SK2
|
| 080 |
|
|
|a 622.33:061.5(437.6):338.246
|2 UDC-MRF-SK2
|
| 100 |
1 |
|
|a Stiegel, Jozef
|4 aut
|9 324748
|
| 245 |
1 |
0 |
|a Budú baníci namiesto ťažby uhlia pestovať zeleninu?
|b predaj Bane Dolina otvoril vyhliadky na nový začiatok existencie najväčšej zamestnávateľskej organizácie Veľkokrtíšskeho okresu
|c Jozef Stiegel
|
| 300 |
|
|
|b Obr.
|
| 610 |
2 |
7 |
|a Baňa Dolina (Veľký Krtíš, Slovensko)
|2 SNKKA
|9 170663
|
| 650 |
0 |
7 |
|a privatizácia
|2 snkbucl
|9 2343
|
| 655 |
|
7 |
|a články z novín a časopisov
|2 snkbucl
|9 267496
|
| 773 |
0 |
|
|t Profit
|g Roč. 6, č. 40 (1998), s. 24-25
|
| 850 |
|
|
|a Slovenská národná knižnica v Martine
|
| 852 |
|
|
|a SNK
|b KIS3GCP
|
| 958 |
|
|
|a RBX
|
| 999 |
|
|
|c 1434110
|d 1436040
|